| 000 | 00741nam a22002057a 4500 | ||
|---|---|---|---|
| 005 | 20240530110445.0 | ||
| 008 | 150427s2009 ua ao f 000 0 ara d | ||
| 017 |
_a2009/9313 _bمصر . دار الكتب المصرية |
||
| 020 | _a9789774208390 | ||
| 040 | _aEG-CaGPL | ||
| 082 | 0 | 4 |
_221 _a792.02\ _bأ أ |
| 100 | 0 | _aامين بكير | |
| 245 | 1 | 2 |
_aالابداع الضوئى فى العروض المسرحية / _cامين بكير |
| 260 |
_aالقاهرة : _bالهيئة المصرية العامة للكتاب ، _c2009 . |
||
| 300 |
_a226 ص : _bصور ؛ _c19 سم . |
||
| 650 | 0 | 4 | _aالمسرح |
| 650 | 0 | 4 |
_aالمسرح _xالابداع الضوئى |
| 942 |
_2ddc _cBK |
||
| 999 |
_c61132 _d61132 |
||